<?xml version="1.0" encoding="UTF-8"?>
<record
    xmlns:xsi="http://www.w3.org/2001/XMLSchema-instance"
    xsi:schemaLocation="http://www.loc.gov/MARC21/slim http://www.loc.gov/standards/marcxml/schema/MARC21slim.xsd"
    xmlns="http://www.loc.gov/MARC21/slim">

  <leader>01166nam0a22002651  4500</leader>
  <controlfield tag="001">rc\846746</controlfield>
  <controlfield tag="005">20260406233939.0</controlfield>
  <datafield tag="035" ind1=" " ind2=" ">
    <subfield code="a">(NLR Aleph) 006027656</subfield>
  </datafield>
  <datafield tag="090" ind1=" " ind2=" ">
    <subfield code="a">7495122</subfield>
    <subfield code="c">7495122</subfield>
  </datafield>
  <datafield tag="100" ind1=" " ind2=" ">
    <subfield code="a">20041129d1983    |||y0rusy50      ca</subfield>
  </datafield>
  <datafield tag="101" ind1="0" ind2=" ">
    <subfield code="a">rus</subfield>
  </datafield>
  <datafield tag="102" ind1=" " ind2=" ">
    <subfield code="a">RU</subfield>
  </datafield>
  <datafield tag="105" ind1=" " ind2=" ">
    <subfield code="a">a   |||||||||</subfield>
  </datafield>
  <datafield tag="200" ind1="1" ind2=" ">
    <subfield code="a">&#x410;&#x434;&#x43E;&#x43B;&#x44C;&#x444; &#x41C;&#x438;&#x442;&#x442;&#x435;&#x43B;&#x44C;</subfield>
    <subfield code="e">&#x416;&#x438;&#x432;&#x43E;&#x43F;&#x438;&#x441;&#x44C;</subfield>
    <subfield code="e">[&#x412;&#x44B;&#x441;&#x442;&#x430;&#x432;&#x43A;&#x430; &#x432; &#x420;&#x435;&#x437;&#x435;&#x43A;&#x43D;&#x435;. &#x423;&#x447;&#x438;&#x43B;&#x438;&#x449;&#x435; &#x43F;&#x440;&#x438;&#x43A;&#x43B;. &#x438;&#x441;&#x43A;&#x443;&#x441;&#x441;&#x442;&#x432;&#x430;, 1983 &#x433;.</subfield>
    <subfield code="f">&#x412;&#x441;&#x442;&#x443;&#x43F;. &#x441;&#x442;&#x430;&#x442;&#x44C;&#x438; &#x41F;.&#x41F;. &#x423;&#x43F;&#x435;&#x43D;&#x438;&#x435;&#x43A;&#x441;&#x430;, &#x438;&#x441;&#x43A;&#x443;&#x441;&#x441;&#x442;&#x432;&#x43E;&#x432;&#x435;&#x434;&#x430; &#x418;. &#x412;&#x438;&#x43B;&#x43F;&#x443;&#x43A;&#x430;]</subfield>
  </datafield>
  <datafield tag="210" ind1=" " ind2=" ">
    <subfield code="a">&#x420;&#x435;&#x437;&#x435;&#x43A;&#x43D;&#x435;</subfield>
    <subfield code="c">&#x411;. &#x438;.</subfield>
    <subfield code="d">1983</subfield>
  </datafield>
  <datafield tag="215" ind1=" " ind2=" ">
    <subfield code="a">23 &#x441;.</subfield>
    <subfield code="c">&#x438;&#x43B;.</subfield>
    <subfield code="d">22</subfield>
  </datafield>
  <datafield tag="300" ind1=" " ind2=" ">
    <subfield code="a">&#x41F;&#x430;&#x440;&#x430;&#x43B;. &#x437;&#x430;&#x433;&#x43B;. &#x43D;&#x430; &#x43B;&#x430;&#x442;&#x44B;&#x448;. &#x44F;&#x437;.</subfield>
  </datafield>
  <datafield tag="300" ind1=" " ind2=" ">
    <subfield code="a">&#x412; &#x43D;&#x430;&#x434;&#x437;&#x430;&#x433;.: ...&#x420;&#x435;&#x437;&#x435;&#x43A;&#x43D;. &#x43C;&#x43E;&#x43B;&#x43E;&#x447;.-&#x43A;&#x43E;&#x43D;&#x441;&#x435;&#x440;&#x432;. &#x43A;&#x43E;&#x43C;&#x431;.</subfield>
  </datafield>
  <datafield tag="300" ind1=" " ind2=" ">
    <subfield code="a">&#x412;&#x441;&#x442;&#x443;&#x43F;. &#x441;&#x442;&#x430;&#x442;&#x44C;&#x44F; &#x438; &#x43F;&#x43E;&#x434;&#x43F;&#x438;&#x441;&#x438; &#x43A; &#x438;&#x43B;. &#x43F;&#x430;&#x440;&#x430;&#x43B;. &#x43D;&#x430; &#x440;&#x443;&#x441;. &#x438; &#x43B;&#x430;&#x442;&#x44B;&#x448;. &#x44F;&#x437;.</subfield>
  </datafield>
  <datafield tag="710" ind1="1" ind2="0">
    <subfield code="a">&#x41C;&#x438;&#x442;&#x442;&#x435;&#x43B;&#x44C;,</subfield>
    <subfield code="g">&#x410;&#x434;&#x43E;&#x43B;&#x44C;&#x444; &#x42F;&#x43A;&#x43E;&#x432;&#x43B;&#x435;&#x432;&#x438;&#x447;</subfield>
    <subfield code="h">&#x412;&#x44B;&#x441;&#x442;&#x430;&#x432;&#x43A;&#x430; &#x436;&#x438;&#x432;&#x43E;&#x43F;&#x438;&#x441;&#x438;</subfield>
    <subfield code="f">1983</subfield>
    <subfield code="e">&#x420;&#x435;&#x437;&#x435;&#x43A;&#x43D;&#x435;</subfield>
    <subfield code="3">RU\NLR\AUTH\889987434</subfield>
    <subfield code="9">470446</subfield>
  </datafield>
  <datafield tag="801" ind1=" " ind2="0">
    <subfield code="a">RU</subfield>
    <subfield code="b">NLR</subfield>
    <subfield code="g">psbo</subfield>
  </datafield>
  <datafield tag="801" ind1=" " ind2="1">
    <subfield code="a">RU</subfield>
    <subfield code="b">ELAR</subfield>
    <subfield code="2">rusmarc</subfield>
  </datafield>
  <datafield tag="852" ind1=" " ind2=" ">
    <subfield code="a">NLR</subfield>
    <subfield code="b">&#x42D;</subfield>
    <subfield code="j">&#x41A;&#x41F;/&#x41C;675</subfield>
  </datafield>
  <datafield tag="942" ind1=" " ind2=" ">
    <subfield code="c">BOOK</subfield>
  </datafield>
  <datafield tag="980" ind1=" " ind2=" ">
    <subfield code="a">NB</subfield>
  </datafield>
  <datafield tag="995" ind1=" " ind2=" ">
    <subfield code="5">2013-10-26</subfield>
    <subfield code="b">NLR02</subfield>
    <subfield code="c">NLR02</subfield>
    <subfield code="e">EST</subfield>
    <subfield code="f">6027656-10</subfield>
    <subfield code="k">&#x42D; &#x41A;&#x41F;/&#x41C;675</subfield>
    <subfield code="o">0</subfield>
    <subfield code="r">BOOK</subfield>
    <subfield code="s">_675</subfield>
  </datafield>
</record>
